Datum a čas kvízu
43
Celkem bodů
Celkový počet nahraných bodů na tomto kvízu bez doplňovacích otázek.
1.
Pořadí na kvízu
Konečné umístění týmu na tomto kvízu.
Zaznamenané odpovědi
| # | Otázka | Odpověď | Body | Výsledky |
|---|---|---|---|---|
| -14. | Část ulice u ruského velvyslan... | Ukrajinských hrdinů | 1 | |
| -13. | Minulý týden proběhla médii zp... | v Benátkách | 1 | |
| -12. | Který český „mistr basů“ oslav... | Karel Vágner | 1 | |
| -11. | Jeden český státní podnik, kte... | České dráhy | 1 | |
| -10. | Jedna z nejlepších tenistek so... | Ashleigh Bartyová | 1 | |
| 1. | Abychom se mohli ohřát u ohně,... | 1C 2A 3D 4B | 1 | |
| 2. | Firework, tedy Ohňostroj, je h... | D | 0 | |
| 3. | Olympijský oheň je jedním ze z... | B | 0 | |
| 4. | Pták Ohnivák je slavný pohádko... | C | 0 | |
| 5. | Ohňová země je souostroví u ji... | C | 0 |